000 00576nam a2200193Ia 4500
003 GCL
008 140319s9999 xx 000 0 ara d
040 _aGCL /
_cGCL
082 0 4 _a301.241
_bح س
100 1 _aحسن محمد كتبى
245 1 0 _aسياستنا واهدافنا /
_cحسن محمد كتبى
260 _aبيروت :
_bدار الكتاب اللبنانى ،
_c1975
300 _a384 ؛
_c24 سم
490 _a
650 0 4 _aالاسلام
650 0 4 _aالاسلام والمجتمع
650 0 4 _aالمرأة المسلمة
942 _2ddc
_cBK
999 _c37853
_d37853